000 00282nam a22001337a 4500
008 170908b xxu||||| |||| 00| 0 eng d
020 _a9780136307167
041 _aeng
080 _a91
100 _a42
101 _aGJEO
245 _aOCEANOGRAPHY
_cGROSS, M.G
942 _2udc
_cBK
999 _c26778
_d26778